Le Maistre (Brüder)

Saved in:
Bibliographic Details
Main Author: Strohm, Christoph (Author)
Format: Chapter/Article
Language:German
Published: 2002
In: Religion in Geschichte und Gegenwart ; 5: L - M
Year: 2002, Pages: 130
Online Access: Get full text
Author Notes:Christoph Strohm

MARC

LEADER 00000caa a22000002c 4500
001 1438098677
003 DE-627
005 20220810154331.0
007 tu
008 120712s2002 xx ||||| 00| ||ger c
035 |a (DE-627)1438098677 
035 |a (DE-576)368098672 
035 |a (DE-599)BSZ368098672 
035 |a (OCoLC)1340418687 
040 |a DE-627  |b ger  |c DE-627  |e rakwb 
041 |a ger 
084 |a 12  |2 sdnb 
084 |a 1  |2 ssgn 
100 1 |a Strohm, Christoph  |d 1958-  |0 (DE-588)112175635  |0 (DE-627)571241182  |0 (DE-576)165643544  |4 aut 
245 1 0 |a Le Maistre (Brüder)  |c Christoph Strohm 
264 1 |c 2002 
300 |a 1 
336 |a Text  |b txt  |2 rdacontent 
337 |a ohne Hilfsmittel zu benutzen  |b n  |2 rdamedia 
338 |a Band  |b nc  |2 rdacarrier 
773 0 8 |i In  |t Religion in Geschichte und Gegenwart ; 5: L - M  |b 4., völlig neu bearb. Aufl.  |d Tübingen : Mohr Siebeck, 2002  |g (2002) Sp. 130  |h LXXIV S., 1704 Sp.  |w (DE-627)1170962548  |w (DE-576)100962548  |z 3161469453  |7 nnam  |a Le Maistre (Brüder) 
773 1 8 |g year:2002  |g pages:130  |g extent:1  |a Le Maistre (Brüder) 
951 |a AR 
992 |a 20120712 
993 |a BookComponentPart 
994 |a 2002 
998 |g 112175635  |a Strohm, Christoph  |m 112175635:Strohm, Christoph  |d 910000  |d 950000  |d 950950  |e 910000PS112175635  |e 950000PS112175635  |e 950950PS112175635  |k 0/910000/  |k 1/910000/950000/  |k 2/910000/950000/950950/  |p 1  |x j  |y j 
999 |a KXP-PPN1438098677  |e 2717962786 
BIB |a Y 
JSO |a {"origin":[{"dateIssuedKey":"2002","dateIssuedDisp":"2002"}],"recId":"1438098677","title":[{"title":"Le Maistre (Brüder)","title_sort":"Le Maistre (Brüder)"}],"relHost":[{"title":[{"title":"L - M"}],"relMultPart":[{"origin":[{"dateIssuedDisp":"1998-2007","publisherPlace":"Tübingen","edition":"4., völlig neu bearb. Aufl.","editionNo":"4","dateIssuedKey":"1998","publisher":"Mohr Siebeck"}],"language":["ger"],"id":{"eki":["1134289502"]},"part":{"number":["5"],"number_sort":["5"]},"type":{"bibl":"edited-book"},"person":[{"display":"Betz, Hans Dieter","given":"Hans Dieter","family":"Betz","role":"edt"},{"role":"edt","given":"Don S.","display":"Browning, Don S.","family":"Browning"}],"titleAlt":[{"title":"RGG4"}],"name":{"displayForm":["hrsg. von Hans Dieter Betz ..."]},"ga":1,"recId":"1134289502","title":[{"title_sort":"Religion in Geschichte und Gegenwart","subtitle":"[RGG]; Handwörterbuch für Theologie und Religionswissenschaft","title":"Religion in Geschichte und Gegenwart"}]}],"recId":"1170962548","origin":[{"publisherPlace":"Tübingen","dateIssuedDisp":"2002","edition":"4., völlig neu bearb. Aufl.","editionNo":"4","publisher":"Mohr Siebeck","dateIssuedKey":"2002"}],"disp":"Le Maistre (Brüder)Religion in Geschichte und Gegenwart ; 5: L - M","physDesc":[{"noteIll":"Ill., Kt.","extent":"LXXIV S., 1704 Sp."}],"type":{"bibl":"book"},"id":{"isbn":["3161469453"],"eki":["1170962548"]},"part":{"extent":"1","year":"2002","text":"(2002) Sp. 130","pages":"130"},"language":["ger"]}],"id":{"eki":["1438098677"]},"language":["ger"],"name":{"displayForm":["Christoph Strohm"]},"type":{"bibl":"chapter"},"physDesc":[{"extent":"1 S."}],"person":[{"display":"Strohm, Christoph","given":"Christoph","family":"Strohm","role":"aut"}]} 
SRT |a STROHMCHRILEMAISTREB2002